000 00312nam a2200121Ia 4500
008 191201s2012 xx 000 0 und d
100 _aCHAUHAN, KPS
245 0 _aSimplified Approach to Workshop Technology Part 1
250 _aRev
260 _c2012
_bEagle Pub.
_aNew Delhi
300 _a303+48
942 _2ddc
_cBK
999 _c8117
_d8117